1490 1554 1551 1386 1953 1607 1617 1242 1348 1307 1995 1048 1505 1160 1371 1435 1274 1562 1949 1518 1085 1567 1480 1276 1336 1401 1447 1300 1893 1441 1245 1124 1865 1344 1636 1714 1989 1423 1090 1296 1282 1759 1147 1681 1519 1303 1998 1283 1115 1676 1491 1472 1670 1947 1595 1187 1941 1606 1004 1127 1408 1288 1859 1268 1199 1725 1332 1169 1092 1763 1359 1564 1896 1387 1456 1424 1944 1270 1284 1776 1481 1174 1698 1816 1459 1478 1528 1118 1212 1324 1018 1534 1461 1765 1342 1229 1041 1637 1747 BCNSPRNW ULIB Ver.6.0+V

เปลี่ยนเป็นภาษาไทย

Change to English
 แสดงรายละเอียดบรรณานุกรม
  กลับหน้าหลัก

Brief Record : Get Marc (ISO 2709) : E-mail record : QR code < ปิดหน้าต่าง
LEADER : 00000nam 2200000uu 4500
001    13399128405
003     ULIB
008    230815s2565||||th 000 0 tha d
020    ^a9786169375418
060  0 ^aWC100^bร658อ
100 0  ^aรุจิภาส สิริจตุภัทร, ฐิติวัฒน์ ช่างประดับ, นันตรา สุวันทารัตน์ และ ภาคภูมิ พุ่มพวง (บรรณาธิการ)
245 00 ^aUpdate in infectious diseases 2022/^cรุจิภาส สิริจตุภัทร, ฐิติวัฒน์ ช่างประดับ, นันตรา สุวันทารัตน์ และ ภาคภูมิ พุ่มพวง (บรรณาธิการ)
250    ^aพิมพ์ครั้งที่ 1
260    ^aกรุงเทพฯ:^bสมาคมโรคติดเชื้อแห่งประเทศไทย,^c2565
300    ^a504 หน้า
650  0 ^aโรคติดต่อ
650  0 ^aปฏิชีวนะ
650  0 ^aสารต้านการติดเชื้อ
650  0 ^aสารต้านเชื้อรา
650  0 ^aสารต้านแบคทีเรีย
856    ^a^zสารบัญ^uhttps://drive.google.com/file/d/1ddrQ4CzCl321jB5yvWv2CNl2e2MsT8qm/view?usp=share_link
945    ^p350^l0^i010084
945    ^p350^l0^i010085
945    ^p350^l0^i010086
999    ^aประนอม เกษจรัล
รายการนี้ยังไม่มีแท็ก
คุณยังไม่ได้ล็อกอิน คุณสามารถมีกิจกรรมร่วมกับเว็บไซต์ได้ แต่ต้องล็อกอินก่อน ::
  ล็อกอิน

รายการสื่อสารสนเทศ

ลำดับที่ ประเภท เลขเรียก/บาร์โค้ด สถานที่ สถานะ
1. วิทยาศาสตร์การแพทย์ และสุขภาพ
หนังสือสำรอง
สถานะ=หนังสือสำรอง
WC100 ร658อ ฉ.1 
  Barcode: 010084
ห้องสมุดวิทยาเขตสวรรค์ประชารักษ์
►หนังสือทั่วไป
บนชั้น
2. วิทยาศาสตร์การแพทย์ และสุขภาพ
วิทยาศาสตร์การแพทย์ และสุขภาพ
WC100 ร658อ ฉ.2 
  Barcode: 010085
ห้องสมุดวิทยาเขตสวรรค์ประชารักษ์
►หนังสือทั่วไป
บนชั้น
3. วิทยาศาสตร์การแพทย์ และสุขภาพ
วิทยาศาสตร์การแพทย์ และสุขภาพ
WC100 ร658อ ฉ.3 
  Barcode: 010086
ห้องสมุดวิทยาเขตสวรรค์ประชารักษ์
►หนังสือทั่วไป
บนชั้น

รายการใกล้เคียง
    ผู้แต่ง [รุจิภาส สิริจตุภัทร, ฐิติวัฒน์ ช่างประดับ, นันตรา สุวันทารัตน์ และ ภาคภูมิ พุ่มพวง (บรรณาธิการ)]

    หัวเรื่อง [โรคติดต่อ]
    หัวเรื่อง [ปฏิชีวนะ]
    หัวเรื่อง [สารต้านการติดเชื้อ]
    หัวเรื่อง [สารต้านเชื้อรา]
    หัวเรื่อง [สารต้านแบคทีเรีย]

BibComment


ยังไม่เคยถูกคอมเมนท์

คอมเมนท์ทรัพยากรรายการนี้
  คอมเมนท์: Update in infect..


 Copyright 2026. Bcnsprnw @Library